000 00902nam a2200241 a 4500
001 52893
003 BD-RjUL
005 20211209075858.0
008 160928s1983 bg ||||| |||| 00| 0 ben d
020 _c: Tk. 28.00
035 _a(BD-RjUL)53013
040 _aBD-RjUL
_bben
_cBD-RjUL
041 _aben
082 _223
_a891.4409
_bKHN 1983
100 _aখান, শামসুজ্জামান
_9158131
245 1 0 _aনানা প্রসঙ্গ /
_cশামসুজ্জামান খান
260 _aঢাকা :
_bবাংলা একাডেমী,
_c১৯৮৩
300 _a[৮], ২১৭ পৃ. ;
_c২০ সেমি.
490 _aবাএ ;
_v১৩৫২
650 _aবাংলা সাহিত্য
_xইতিহাস ও সমালোচনা
_9158132
650 _aBengali Literature
_xHistory and Criticism
_9158133
942 _2ddc
_cBK
999 _c52893
_d52893